| 000 | 00842nam a2200301 a 4500 | ||
|---|---|---|---|
| 001 | vtls001439463 | ||
| 003 | NLI | ||
| 005 | 20210627122024.0 | ||
| 008 | 121130s1993 ii 000 m eng | ||
| 020 |
_a8171671357 (pbk.) _cRs.50.00 |
||
| 039 | 9 |
_y201211301648 _zVLOAD |
|
| 040 |
_aNLI _beng _cDatasoft_GENG _eAACR2 |
||
| 041 | 0 | _aeng | |
| 044 | _aii | ||
| 082 | 0 | 4 | _a822 |
| 100 | 1 |
_aSarkar, Subhas _91003620 |
|
| 245 | 1 | 4 |
_aThe chorus in eliot's plays and other essays / _cSubhas Sarkar |
| 260 |
_aNew Delhi : _bRupa and Company, _c1993 |
||
| 300 |
_a150 p. ; _c18 cm. |
||
| 650 | 0 |
_aEnglish essays _9682560 |
|
| 650 | 0 |
_aEnglish drama _9688423 |
|
| 887 | _a | ||
| 901 |
_aDB64450 _b24.11.1993 |
||
| 902 | _aE 822 Sa 73 | ||
| 904 | _l490 | ||
| 949 |
_AVIRTUAITEM _D10000 _X100 _6DBA000064450ENG |
||
| 942 |
_2ddc _cBKS |
||
| 999 |
_aVIRTUA40 _c891790 _d891790 |
||